=LDR 00000nam 2200000 4500 =001 NUTBA000000000005345 =005 20200212025110 =035 ##$$a 0010-101400000000575 =008 200212###########################0###### =020 ##$$a 978-602-7900-32-5 =040 ##$$a NBPDMAT =082 ##$$a 650.1 =090 ##$$a 650.1 $b Ira t =100 ##$$a Ira Puspitarini =245 1#$$a True spirit hany tanoe : $b menintip rahasia sukses sang raja media Indonesia /$c oleh Ira Puspitarini =260 ##$$a Yogyakarta :$b Indoliterasi ;,$c 2013 =300 ##$$a viii, 138 hlm. ; $c 20 cm. =500 ##$$a Bibliografi : hlm.129-135 =650 #4$$a Bisnis =990 ##$$a 21415450 =990 ##$$a 21415451 =990 ##$$a 21415452 =990 ##$$a 21415453 =990 ##$$a 21415454 =990 ##$$a 21415453 =990 ##$$a 21415450 =990 ##$$a 21415451 =990 ##$$a 21415452